| 000 | 00814nam a2200253 4500 | ||
|---|---|---|---|
| 001 | 143863 | ||
| 003 | ES-MaACL | ||
| 005 | 20250716062531.0 | ||
| 007 | t| | ||
| 008 | 070214s1956 sp r ||||1| spa d | ||
| 100 | 1 |
_aShakespeare, William, _d1564-1616 _9105992 |
|
| 245 | 1 | 0 |
_aTragedias / _cShakespeare ; traducción directa del inglés por M.-J. Barroso Bonzón ; (con notas del traductor). |
| 250 | _a5ª ed. | ||
| 260 |
_aMadrid : _bEd. Ibéricas, _c[1956] ( _fSèz) |
||
| 300 |
_a437 p. ; _c16 cm. |
||
| 500 | _aContiene: Romeo y Julieta ---- Hamlet ---- El rey Lear ---- Macbeth. | ||
| 700 | 0 |
_aBarroso-Bonzón, M. J. _926068 |
|
| 740 | 0 | _aRomeo y Julieta. | |
| 740 | 0 | _aHamlet. | |
| 740 | 0 | _aEl rey Lear. | |
| 740 | 0 | _aMacbeth. | |
| 852 |
_aES-MaACL _jC-11134 _bR.39205 |
||
| 999 |
_c143863 _d143863 |
||